International journal of modern physics. (Record no. 9220)
[ view plain ]
| 000 -LEADER | |
|---|---|
| fixed length control field | 01000nac a22002651u 4500 |
| 022 0# - | |
| -- | 0217-751X |
| 035 ## - SYSTEM CONTROL NUMBER | |
| System control number | (OCoLC)ocm13191064 |
| 082 00 - DEWEY DECIMAL CLASSIFICATION NUMBER | |
| Classification number | 539.721 |
| 090 ## - LOCALLY ASSIGNED LC-TYPE CALL NUMBER (OCLC); LOCAL CALL NUMBER (OCLC) | |
| -- | 9220 |
| -- | 9220 |
| 100 ## - MAIN ENTRY--PERSONAL NAME | |
| Personal name | 20080729 |
| 111 ## - MAIN ENTRY--MEETING NAME | |
| Meeting name or jurisdiction name as entry element | Proceedings of the CTP symposium on supersymmetry at LHC: Theoretical and experimental perspectives |
| Location of meeting | The British University in Egypt |
| Date of meeting | 11-14 March 2007 |
| 245 00 - TITLE STATEMENT | |
| Title | International journal of modern physics. |
| Number of part/section of a work | A, V.22, No.31 Dec20,2007 |
| 246 30 - VARYING FORM OF TITLE | |
| Title proper/short title | Journal of modern physics A |
| 260 ## - | |
| -- | Singapore : |
| -- | World Scientific, |
| -- | c1986- |
| 300 ## - PHYSICAL DESCRIPTION | |
| Extent | v. : |
| Other physical details | ill. ; |
| Dimensions | 25 cm. |
| 336 ## - CONTENT TYPE | |
| Source | rdacontent |
| Content type term | text |
| Content type code | txt |
| 337 ## - MEDIA TYPE | |
| Media type term | unmediated |
| Source | rdamedia |
| Media type code | n |
| 338 ## - CARRIER TYPE | |
| Carrier type term | volume |
| Carrier type code | nc |
| Source | rdacarrier |
| 650 #0 - SUBJECT ADDED ENTRY--TOPICAL TERM | |
| Topical term or geographic name as entry element | Particles (Nuclear physics) |
| Form subdivision | Periodicals. |
| 650 #0 - SUBJECT ADDED ENTRY--TOPICAL TERM | |
| Topical term or geographic name as entry element | Field theory (Physics) |
| Form subdivision | Periodicals. |
| 650 #0 - SUBJECT ADDED ENTRY--TOPICAL TERM | |
| Topical term or geographic name as entry element | Gravitation |
| Form subdivision | Periodicals. |
| 650 #0 - SUBJECT ADDED ENTRY--TOPICAL TERM | |
| Topical term or geographic name as entry element | Cosmology |
| Form subdivision | Periodicals. |
| 650 #0 - SUBJECT ADDED ENTRY--TOPICAL TERM | |
| Topical term or geographic name as entry element | Nuclear physics |
| Form subdivision | Periodicals. |
| 942 ## - ADDED ENTRY ELEMENTS (KOHA) | |
| Koha item type | Book - Borrowing |
| Call number prefix | 539.721 |
| Classification part | RDA-MOD |
| Withdrawn status | Lost status | Source of classification or shelving scheme | Materials specified (bound volume or other part) | Damaged status | Not for loan | Home library | Current library | Shelving location | Date acquired | Source of acquisition | Total Checkouts | Full call number | Barcode | Date last seen | Koha item type |
|---|---|---|---|---|---|---|---|---|---|---|---|---|---|---|---|
| Dewey Decimal Classification | Lost In Inventory_2015-8-23 | Central Library | Central Library | First floor | 21/04/2008 | Purchase | 539.721 INT | 000011326 | 21/04/2008 | Book - Borrowing |